000 01174cad a22002535a 4500
001 L152003
008 110120s2011 xxk f 000 0 eng d
035 _a(Sirsi) u152003
041 0 _aeng
050 0 4 _a690.241 $2 18
100 1 _aPickles, David
245 0 0 _aEnergy efficiency and historic buildings
_bapplication of part L of the building regulations to historic and traditionally constructed buildings
_h[electronic resource]
260 _a[S.l.]
_bEnglish Heritage
_c2010
520 _aThis guidance has been produced to help prevent conflicts between energy efficiency requirements in Part L of the building regulations and the conservation of historic and traditionally constructed buildings.
590 _aKA NTK
651 4 _aEngland
_y886-
690 _aBUILT ENVIRONMENT-BUILDING TYPES-ANCIENT MONUMENTS AND HISTORIC BUILDINGS
690 _aBuilding regulations
_96224
700 1 _aBrocklebank, Ian
700 1 _aWood, Chris
710 1 _aEnglish Heritage
_92714
856 4 0 _uhttps://www.english-heritage.org.uk/publications/energy-efficiency-historic-buildings-partl/
_zView this item free of charge at www.english-heritage.org.uk
942 _n0
999 _c111790
_d111790